El dios de los brujos /

Guardat en:
Dades bibliogràfiques
Autor principal: Murray, Margaret A. (autor)
Altres autors: Utrilla Trejo, Juan José (traducción) (traducción)
Format: Llibre
Idioma:espanyol
Publicat: México : Fondo de Cultura Económica, 1986, c1985
Col·lecció:(Colección Popular ; 295)
Matèries:
Etiquetes: Afegir etiqueta
Sense etiquetes, Sigues el primer a etiquetar aquest registre!

MARC

LEADER 00000nam^a2200000^a^4500
001 000283695
005 20250521000000.0
009 20260526134638.011
020 |a 968-16-2165-4 
037 |a Acervo ITESO - Biblioteca 
041 |a ESP 
082 |a 291.  |b MUR 
100 |a Murray, Margaret A.  |e (autor) 
245 1 3 |a El dios de los brujos /  |c M.A. Murray ; tr. por J.J. Utrilla. 
264 4 |a México :  |b Fondo de Cultura Económica,  |c 1986, c1985 
300 |a 261 p. 
336 |a texto  |b txt  |2 rdacontenido 
337 |a sin mediación  |b n  |2 rdamedio 
338 |a volumen  |b nc  |2 rdasoporte 
440 1 |a (Colección Popular ;  |v 295) 
500 |a Traducción de: The God of the Witches 
649 |a XX 
650 |a Brujería 
650 |a Demonología 
650 |a Religión Primitiva 
700 |a Utrilla Trejo, Juan José  |e (traducción) 
910 |a Fondo General 
920 |a Impresos - Libros 
930 |a Colección General 
905 |a 101 
901 |a 0281400100  |b IT1  |c ACC  |u 20250521 
902 |a https://opac.biblio.iteso.mx/vufind/Record/000283695